Clubs de football en rébus - Statistiques

Statistiques générales
  • Ce quiz a été pris 454 fois
    438 depuis la dernière actualisation
  • Le résultat moyen est 6 sur 12
Statistiques - réponses
Par images Réponse % Correct
Liverpool
100%
Paris Saint-Germain
72%
Aston Villa
69%
Manchester City
62%
Celtic Glasgow
56%
Olympique Lyonnais
51%
AC Milan
42%
Bayern Munich
38%
Betis Séville
31%
Stade Rennais
29%
Benfica
20%
Galatasaray
13%
Aucun quiz correspondant
Distribution des résultats
% des personnes avec chaque résultat
Percentile par nombre de réponses
Votre historique - résultats
Vous n’avez pas pris ce quiz depuis la dernière actualisation